000 00767nam a22001697a 4500
005 20251108164013.0
008 250721s1983 xx 000 0 ara d
082 1 4 _a346.015/محم
100 1 _aمنصور، محمد حسين
245 1 0 _aالنظام القانوني للأسرة في الشرائع غير الإسلامية :
_bمجال أعمال الشرائع الدينية في مسائل الأحوال الشخصية :أحكام الزواج في الشرائع المسيحية و اليهودية : الخطبه ... /
264 1 _aالإسكندريه :
_bمنشأة المعارف،
_c1983.
300 _a389ص
490 0 _aالكتب القانونية
650 1 7 _aقانون الأحوال الشخصية
942 _2ddc
_cBK
999 _c1189
_d1189